000 01189nam a2200349 c 4500
999 _c159826
_d159826
003 BLK
005 20240319130818.0
008 180410b bul|||||r ||||||| ||bul||
010 _aKNG00167000000
040 _aBLK
041 _aBUL
_cBUL
072 7 _2bullib
_aК
_xКраезнание
080 _aБългарска литература
_b821.163.2
_x-32
_z821.163.2-32
100 _aЙорданов, Руденко Радев
_d1946-
_gЛекар. Писател
_9386989
139 _aЙорданов, Руденко
_bИ 83
245 1 0 _aЛука Блажени
_bПовести
_cРуденко Йорданов.
257 _aBGR
260 _aПловдив
_bХристо Г. Данов
_c1984
300 _a231 с.
_c20 см
380 _aX
500 _a11 105 тир.
659 _aК
852 _aЦб 126955
852 _aК 821.163.2/Й 83 Р
856 4 _qpdf
_i0.00
_ldisable
856 4 _qpdf
_i0.00
_ldisable
942 _cKNG
_n0
_s1
944 _aCR
_c07.11.2014
_lХристина Везирева
_k30535
944 _aED
_c27.06.2016
_l07.11.2014 - от С1,Р / 07.11.2014
_kНора_Радева
999 _d159826
999 _d159826